Responses for show #278 - Wednesday, October 2, 1985

Chuck Forrest game 3.

Contestants

[<< previous game]

Mike McClain, a financial consultant originally from Alliance, Ohio

Ayofemi Stowe, a design engineer originally from Boston, Massachusetts

Chuck Forrest, a student from Grand Blanc, Michigan (whose 2-day cash winnings total $30,500)

[next game >>]

Jeopardy! Round responses

ANIMALS
MUSICAL INSTRUMENTS
STARTS WITH "G"
NURSERY RHYMES
U.S. CITIES
TRIVIA
    $100 21
gorilla

Chuck
    $100 3
banjo

Chuck
    $100 16
giddy-up

Mike
    $100 26
(Mike: Who is [*] Be Nimble?)

Jack

Mike
    $100 1
St. Louis

Chuck
    $100 7
Blondie

Chuck
    $200 22
kiwi

Ayofemi
    $200 9
(Ayofemi: What is brass?)
(Mike: What is [*]?)
(Alex: Be a little more specific. No. We'll accept that.)

(wood)wind

AyofemiMike
    $200 17
galley

Chuck
    $200 27
his supper

Mike
    $200 2
Florida

Ayofemi
    $200 8
Q and Z

Ayofemi
    $300 23
North America

Chuck
    $300 13
guitar and bass

Ayofemi
    $300 18
gladiolus

Ayofemi
    $300 28
Old Mother Hubbard

Mike
    $300 4
South Carolina

Ayofemi
    $300 10
Dopey

Chuck
    $400 24
(Mike: What is mink?)
(Ayofemi: What is musk?)

civet

ChuckAyofemiMike
    $400 14
(Ayofemi: What is "Shortnin' Bread"?)
...
(Alex: I think Mike next to you knew it, but unfortunately he didn't discover the category.)

"The Happy Organ"

Ayofemi
    $400 19
gingivitis

Ayofemi
    $400 29
hot cross buns

Chuck
    $400 5
(Ayofemi: What is Boulder?)
(Mike: What is Denver?)

Colorado Springs

ChuckAyofemiMike
    $400 11
the Bank of Italy

Chuck
    $500 25
man

Triple Stumper
    $500 15
(Ayofemi: What is trio?)

gong

AyofemiMike
    $500 20
gibbous

Chuck
    $500 30
wool

Mike
    $500 6
Virginia Beach

Mike
    $500 12
shooting

Ayofemi

Scores at the first commercial break (after clue 10):

Chuck Ayofemi Mike
$1,000 $100 $300

Scores at the end of the Jeopardy! Round:

Chuck Ayofemi Mike
$3,300 $500 $1,600

Double Jeopardy! Round responses

AMERICAN HISTORY
FOOTBALL
THE LAW
SCIENCE
CHINA
TELEVISION
    $200 8
Louisiana Purchase

Chuck
    $200 2
double jeopardy

Chuck
    $200 1
donor

Chuck
    $200 16
one

Ayofemi
    $200 10
George Reeve(s)

Mike
    $400 9
(Ayofemi: Who is Burr?)

Alexander Hamilton

AyofemiMike
    $400 3
common law

Ayofemi
    $400 4
cockroaches

Chuck
    $400 19
Confucius

Mike
    $400 11
The Tribune

Ayofemi
    $600 13
Arizona

Chuck
    $600 28
(Mike: Who are the Dallas Cowboys?)

Pittsburgh Steelers

AyofemiMike
    $600 5
due process of law

Chuck
    $600 12
mummy

Chuck
    $600 23
Dalai Lama

Ayofemi
    $600 17
Baretta

Ayofemi
    $800 14
(Mike: What is the Masonic party?)

Anti-Masonic party

ChuckMike
    $800 27
five backs

Ayofemi
    $800 6
chattel

Chuck
    $1,800 21
(Mike: What are whales?)

icebergs

Mike
    $800 24
actress

Ayofemi
    $800 18
Perry Mason

Chuck
    $1000 15
(Ayofemi: What is barring or obstructing traffic?)

stepping on the grass

Ayofemi
Triple Stumper
    $2,000 26
(Ayofemi: What is 24?)

28

Ayofemi
    $1000 7
amnesty

Chuck
    $1000 22
-ose

Chuck
    $1000 25
the Great Leap Forward

Triple Stumper
    $1000 20
(Alex: I didn't see it myself. They told me it was [*].)

Judy Norton-Taylor

Triple Stumper

Scores at the end of the Double Jeopardy! Round:

Chuck Ayofemi Mike
$10,500 $1,500 -$600
(lock game)

[wagering suggestions for these scores]

Final Jeopardy! Round responses

THE CONTINENTS
AyofemiWhat is Africa?
$1,500
ChuckWhat is Africa?
$4,000
Africa

Final scores:

Chuck Ayofemi Mike
$14,500 $3,000 -$600
3-day champion: $45,000 2nd place: La-Z-Boy sofa 3rd place: Jules Jurgensen watches

Game dynamics:

Coryat scores:

Chuck Ayofemi Mike
$10,500 $3,900 $1,200
24 R,
0 W
16 R,
8 W
(including 2 DDs)
11 R,
5 W
(including 1 DD)

Combined Coryat: $15,600

The J! Archive is created by fans, for fans. The Jeopardy! game show and all elements thereof, including but not limited to copyright and trademark thereto, are the property of Jeopardy Productions, Inc. and are protected under law. This website is not affiliated with, sponsored by, or operated by Jeopardy Productions, Inc. Join the discussion at JBoard.tv.